[Event "Skovbo GM 2012"]
[Site "Borup Kulturhus"]
[Date "2012.09.22"]
[Round "8.22"]
[White "Hubka, Roland"]
[Black "Christensen, Kristen Bjørn"]
[Result "1-0"]
[WhiteElo "2000"]
[BlackElo "1223"]
[PlyCount "55"]
[EventDate "2012.??.??"]
[BlackTeam "Ejby Skakklub"]

1. c4 f5 2. Nc3 e6 3. g3 Nf6 4. Bg2 c6 5. d4 d5 6. b3 Be7 7. Nf3 O-O 8. O-O
Nbd7 9. e3 b6 10. Re1 Bb4 11. Bd2 Ne4 12. Nxe4 Bxd2 13. Nexd2 Bb7 14. Rc1 Nf6
15. Ne5 Qe7 16. a4 a5 17. c5 bxc5 18. Rxc5 Rfc8 19. Qc2 Qe8 20. Rc1 Nd7 21.
Nxd7 Qxd7 22. Nf3 Qd8 23. Ne5 h6 24. Bf1 Kh7 25. Qc3 g6 26. Rxa5 Rab8 27. Ra7
Kg8 28. Rxb7 1-0

[Event "Skovbo GM 2012"]
[Site "Borup Kulturhus"]
[Date "2012.09.22"]
[Round "8.26"]
[White "Eriksson, Christian Altenburg"]
[Black "Kakulidis, Ellen"]
[Result "1-0"]
[WhiteElo "2118"]
[BlackElo "1366"]
[PlyCount "161"]
[EventDate "2012.??.??"]
[WhiteTeam "Brønshøj Skakforening"]
[BlackTeam "Aalborg Skakforening af 1889"]

1. e4 e6 2. d4 d5 3. e5 c5 4. c3 Nc6 5. Nf3 Qb6 6. a3 a5 7. Bd3 Bd7 8. O-O g6
9. Bc2 Bg7 10. dxc5 Qc7 11. Re1 Nxe5 12. Be3 Nc4 13. Bd4 Nxb2 14. Qe2 Bxd4 15.
cxd4 b6 16. Ne5 bxc5 17. dxc5 Ne7 18. Nxd7 Qxd7 19. Qe5 O-O 20. Qxb2 Qa7 21.
Nd2 Qxc5 22. Rac1 Qd6 23. Nf3 Rab8 24. Qa1 Rb7 25. Ne5 Rc8 26. Ng4 d4 27. Bd3
Rxc1 28. Qxc1 Kh8 29. a4 Rb3 30. Ne5 Kg7 31. Bb5 d3 32. Nc4 Qb4 33. Qa1+ Kg8
34. Rf1 Nd5 35. Qd4 Nc3 36. Qd8+ Kg7 37. Ne3 Rb1 38. Qxd3 Rxf1+ 39. Nxf1 Nxa4
40. Bxa4 Qxa4 41. Qc3+ Kg8 42. Ne3 Qa2 43. h3 a4 44. Nc4 Qb1+ 45. Kh2 Qb8+ 46.
g3 Qa7 47. Kg1 Qc5 48. Qd3 Qb5 49. Qd8+ Kg7 50. Qd4+ Kg8 51. Nd6 Qd7 52. Qb4
Qa7 53. Nb5 Qa8 54. h4 Kg7 55. Nc7 Qc6 56. Nb5 Qa8 57. Qc5 Qa5 58. Qe5+ Kg8 59.
Qb8+ Kg7 60. Qe5+ Kg8 61. Qb2 Qb6 62. Qe2 Qa6 63. Qb2 Qb6 64. Qb1 a3 65. Nxa3
Qxb1+ 66. Nxb1 Kg7 67. Kg2 f5 68. Kf3 Kf6 69. Nc3 h5 70. Ne2 e5 71. Ng1 g5 72.
hxg5+ Kxg5 73. Nh3+ Kf6 74. Ke3 Kg6 75. f4 exf4+ 76. gxf4 h4 77. Ng5 Kh5 78.
Kf3 Kg6 79. Kg2 Kh6 80. Kh3 Kh5 81. Nf3 1-0

[Event "Skovbo GM 2012"]
[Site "Borup Kulturhus"]
[Date "2012.09.22"]
[Round "8.31"]
[White "Brøndum, Jan Kraul"]
[Black "Larsen, Paul M"]
[Result "0-1"]
[WhiteElo "1625"]
[BlackElo "1611"]
[PlyCount "57"]
[EventDate "2012.??.??"]
[WhiteTeam "Arbejdernes Skakforening Af 04"]
[BlackTeam "Haslev Skakklub"]

1. e4 c6 2. e5 d6 3. exd6 exd6 4. d4 d5 5. c3 Bd6 6. Be3 Nf6 7. f3 Nbd7 8. Nh3
Qc7 9. g3 Nb6 10. b3 a5 11. Qc2 O-O 12. Nd2 Re8 13. Kf2 Nh5 14. Re1 Nxg3 15.
Ng5 Nxh1+ 16. Kg2 g6 17. Kxh1 Bxh2 18. Re2 Bf5 19. Qc1 Bf4 20. Nb1 {(=)} Rxe3
21. Rxe3 Bxg5 22. Re8+ Rxe8 23. Qxg5 Re1 24. Nd2 Qe7 25. Qg2 Qh4+ 26. Kg1 Bd3
27. a3 Nd7 28. b4 axb4 29. axb4 0-1

[Event "Skovbo GM 2012"]
[Site "Borup Kulturhus"]
[Date "2012.09.22"]
[Round "8.32"]
[White "Jensen, Henrik"]
[Black "Hein, Jacob"]
[Result "1-0"]
[WhiteElo "1612"]
[BlackElo "1490"]
[PlyCount "63"]
[EventDate "2012.??.??"]
[WhiteTeam "Skovbo Skakklub"]
[BlackTeam "Espergærde Skakklub"]

1. e4 c5 2. Nf3 d6 3. d4 cxd4 4. Nxd4 Nf6 5. Nc3 a6 6. Bd3 Nc6 7. Nxc6 bxc6 8.
Be3 g6 9. Qd2 Ng4 10. Bg5 Bg7 11. h3 Ne5 12. Be2 h6 13. Bf4 Nd7 14. Rd1 Nc5 15.
Bf3 Rb8 16. b3 Qa5 17. Ne2 Qxa2 18. e5 d5 19. Nd4 Rb6 20. O-O Ne6 21. Nxe6 Bxe6
22. Ra1 Qb2 23. Rfb1 Qxc2 24. Qxc2 Bf5 25. Qc5 Rb7 26. Qxc6+ Rd7 27. Rxa6 O-O
28. Rba1 Rdd8 29. Bxd5 Rc8 30. Qb5 Rfd8 31. Ra8 Bd3 32. Qxd3 1-0

[Event "Skovbo GM 2012"]
[Site "Borup Kulturhus"]
[Date "2012.09.22"]
[Round "8.33"]
[White "Fredericia, Ellen"]
[Black "Skovle, Lars Ørnbo"]
[Result "1/2-1/2"]
[WhiteElo "1196"]
[BlackElo "1658"]
[PlyCount "56"]
[EventDate "2012.??.??"]
[WhiteTeam "Skakklubben K41"]
[BlackTeam "Frederiksberg Skakforening"]

1. d4 f5 2. c4 g6 3. Nc3 Nf6 4. Nf3 Bg7 5. Bg5 d6 6. h3 O-O 7. e3 Nbd7 8. Be2
c6 9. O-O e5 10. Re1 e4 11. Nd2 h6 12. Bf4 Qe7 13. Qb3 Kh7 14. Rad1 b6 15. Qc2
Rd8 16. f3 d5 17. cxd5 cxd5 18. fxe4 fxe4 19. Bb5 Bb7 20. a3 a6 21. Be2 Rac8
22. Rc1 b5 23. b4 Nb6 24. Qb1 g5 25. Bg3 Nc4 26. Nxc4 bxc4 27. Rf1 Bc6 28. Rfe1
h5 1/2-1/2